Statistiques concernant Culture Générale - Série 232

Cliquez ici pour prendre le quiz!

Statistiques générales

  • Ce quiz a été pris 212 fois
  • Le résultat moyen est 7 sur 10

Statistiques - réponses

QuestionRéponse% Correct
Sur quel continent la région du Bengale est-elle située ?L'Asie
97%
Dans quel pays est située la centrale nucléaire de Tchernobyl ?L'Ukraine
95%
Quel couvert fait la réputation de la ville de Laguiole depuis 1829 ?Le couteau
92%
Par quelle épreuve débute un triathlon ?La natation
90%
Quel pays a été sous le joug du général Pinochet entre 1973 et 1990 ?Le Chili
86%
Quelle était la nationalité de Maurice Ravel, l'auteur du "Boléro" ?Française
77%
Quel adjectif qualifie le chat que Shrek croise dans ses aventures ?Potté
62%
Dans quel sport Jacques Secrétin s'est-il illustré ?Le tennis de table
54%
Quelle comédienne chante en 1970 le titre "Nue au soleil" ?Brigitte Bardot
48%
Qui se fait engager comme serveuse dans le film "Fauteuils d'orchestre" ?Cécile de France
33%

Distribution des résultats

Percentile par nombre de réponses

% des personnes avec chaque résultat

Votre développement - résultats

Vous n’avez pas pris ce quiz